Statistics for International Rugby Rankings Top 10

Click here to take the quiz!

General Stats

  • This quiz has been taken 127 times
    (120 since last reset)
  • The average score is 9 of 10

Answer Stats

RankAnswer% Correct
1New Zealand
99%
2South Africa
98%
4England
96%
3Australia
94%
5Ireland
93%
6Wales
93%
7France
90%
10Scotland
88%
9Argentina
78%
8Samoa
73%

Score Distribution

Percentile by Number Answered

Percent of People with Each Score

Your Score History

You have not taken this quiz since the last reset